| 000 | 00764nam a22001817a 4500 | ||
|---|---|---|---|
| 999 |
_c63517 _d63517 |
||
| 003 | Ge_BSU | ||
| 005 | 20251022160340.0 | ||
| 008 | 251022s1998 ge ||||| |||| 00| 0 geo d | ||
| 041 | _ageo | ||
| 080 | _a336.71 თ-41 | ||
| 100 |
_aთეზელიშვილი, სოლომონ _912293 |
||
| 245 |
_aბანკი, ფული, ოქრო : _bისტორია, წარსული, აწმყო / _cსოლომონ თეზელიშვილი, [რედ.: კოტე მიქაძე]. |
||
| 264 |
_aთბ., _c1998. |
||
| 300 |
_a112გვ. ; _b20 სმ. |
||
| 653 | _aსაბანკო საქმის ისტორია | ||
| 653 | _aფულის ისტორია. | ||
| 942 |
_2udc _cᲬᲘᲒᲜᲘ |
||